[Event "18.Città di Padova Open A"]
[Site "Padova"]
[Date "2015.12.13"]
[Round "1.14"]
[White "Bergamasco, Tommaso"]
[Black "Lazic, Miroljub"]
[Result "1/2-1/2"]
[WhiteElo "2054"]
[BlackElo "2466"]
[Annotator "Gabriele Ballarin"]
[PlyCount "38"]
[EventDate "2015.12.13"]
[EventType "swiss"]
[EventRounds "9"]
[EventCountry "ITA"]

1. d4 d6 2. Nf3 Bg4 3. Bf4 Nf6 4. Nbd2 Nbd7 5. h3 Bh5 6. c3 c6 7. Qb3 Qc7 8. e3 e5 9. Bg3 Be7 10. Bd3 O-O 11. Qc2 Rfe8 12. O-O Bf8 13. Ng5 h6 14. Nh7 Nxh7 15. Bxh7+ Kh8 16. Bf5 Rad8 17. c4 g6 18. Bd3 Qb6 19. c5 dxc5 1/2-1/2

[Event "18.Città di Padova Open A"]
[Site "Padova"]
[Date "2015.12.13"]
[Round "1.16"]
[White "Gallo, Enrico"]
[Black "Garcia Palermo, Carlos H"]
[Result "0-1"]
[WhiteElo "2044"]
[BlackElo "2457"]
[Annotator "Gabriele Ballarin"]
[PlyCount "92"]
[EventDate "2015.12.13"]
[EventType "swiss"]
[EventRounds "9"]
[EventCountry "ITA"]

1. e4 c6 2. d4 d5 3. exd5 cxd5 4. c4 Nf6 5. Nc3 e6 6. Nf3 Bb4 7. cxd5 exd5 8. Bb5+ Bd7 9. Qe2+ Ne4 10. O-O Bxc3 11. bxc3 O-O 12. Bxd7 Nxd7 13. c4 Re8 14. Be3 Nb6 15. cxd5 Nxd5 16. Rac1 Rc8 17. Ne5 Nec3 18. Qf3 Qf6 19. Qg4 Qe6 20. Qxe6 Rxe6 21. Kh1 f6 22. Nd3 Rec6 23. Rc2 Kf7 24. g3 Ne4 25. Rxc6 Rxc6 26. Rc1 Nxe3 27. Rxc6 Nxf2+ 28. Nxf2 bxc6 29. Ne4 Ke6 30. Nc3 Nf5 31. d5+ cxd5 32. Nb5 a5 33. Kg1 h5 34. Kf2 Ke5 35. a4 g5 36. Ke1 Nd4 37. Na7 Kd6 38. Kf2 Kc7 39. Ke3 Nc2+ 40. Kd3 Na3 41. Kd4 Kb7 42. Kxd5 Kxa7 43. Ke6 Nb1 44. Kxf6 Nc3 45. Kxg5 Nxa4 46. Kxh5 Nc5 0-1

[Event "18.Città di Padova Open A"]
[Site "Padova"]
[Date "2015.12.13"]
[Round "1.17"]
[White "Enchev, Ivajlo"]
[Black "Casciello, Dimitri"]
[Result "1-0"]
[WhiteElo "2452"]
[BlackElo "2040"]
[Annotator "Gabriele Ballarin"]
[PlyCount "77"]
[EventDate "2015.12.13"]
[EventType "swiss"]
[EventRounds "9"]
[EventCountry "ITA"]

1. d4 Nf6 2. c4 g6 3. Nc3 Bg7 4. e4 d6 5. Nf3 O-O 6. Be2 e5 7. O-O Nc6 8. d5 Ne7 9. Ne1 Nd7 10. f3 f5 11. g4 Kh8 12. Nd3 Ng8 13. Be3 Bh6 14. Qd2 Bxe3+ 15. Qxe3 Ndf6 16. exf5 gxf5 17. g5 Ne8 18. f4 e4 19. Nf2 Qe7 20. Nh1 h6 21. h4 c5 22. dxc6 bxc6 23. Ng3 Be6 24. Rad1 Rd8 25. Rd2 Qc7 26. Rfd1 Rb8 27. Qd4+ Qg7 28. Qf2 Qc7 29. b3 Qg7 30. Qe3 Ne7 31. Rxd6 Nxd6 32. Rxd6 hxg5 33. hxg5 Bf7 34. Rd7 Be8 35. Rxa7 Rd8 36. Na4 Qa1+ 37. Kf2 Ng6 38. Nc5 Rd6 39. Ngxe4 1-0

[Event "18.Città di Padova Open A"]
[Site "Padova"]
[Date "2015.12.13"]
[Round "1.18"]
[White "Messina, Roberta"]
[Black "Naumkin, Igor"]
[Result "0-1"]
[WhiteElo "2039"]
[BlackElo "2446"]
[Annotator "Gabriele Ballarin"]
[PlyCount "50"]
[EventDate "2015.12.13"]
[EventType "swiss"]
[EventRounds "9"]
[EventCountry "ITA"]

1. d4 Nf6 2. c4 e6 3. g3 d5 4. Bg2 Be7 5. Nf3 O-O 6. O-O c6 7. Nbd2 Nbd7 8. Qc2 b6 9. e4 Ba6 10. Re1 Rc8 11. Qa4 Bxc4 12. Nxc4 b5 13. Qxa7 bxc4 14. exd5 cxd5 15. Bf4 Nh5 16. Ne5 Rc7 17. Qa4 Nxf4 18. gxf4 Nf6 19. f5 Nh5 20. Re3 Bd6 21. Qd1 g6 22. fxe6 fxe6 23. Qg4 Nf4 24. Rf3 Bxe5 25. dxe5 h5 0-1

[Event "18.Città di Padova Open A"]
[Site "Padova"]
[Date "2015.12.13"]
[Round "1.19"]
[White "Laketic, Gojko"]
[Black "Pozzobon, Davide"]
[Result "1-0"]
[WhiteElo "2419"]
[BlackElo "2037"]
[Annotator "Gabriele Ballarin"]
[PlyCount "51"]
[EventDate "2015.12.13"]
[EventType "swiss"]
[EventRounds "9"]
[EventCountry "ITA"]

1. d4 Nf6 2. c4 c5 3. d5 e6 4. Nc3 exd5 5. cxd5 d6 6. e4 g6 7. Bb5+ Bd7 8. a4 b6 9. h3 Bg7 10. Nf3 O-O 11. O-O a6 12. Bd3 Qc7 13. Bc4 Nh5 14. Re1 Re8 15. g4 Qc8 16. gxh5 Bxh3 17. Nh2 Nd7 18. Re3 Nf6 19. Be2 gxh5 20. Bxh5 Re5 21. Be2 Rg5+ 22. Rg3 Rxg3+ 23. fxg3 Qe8 24. Bf3 Nd7 25. Bg4 Bxc3 26. bxc3 1-0

[Event "18.Città di Padova Open A"]
[Site "Padova"]
[Date "2015.12.13"]
[Round "1.20"]
[White "Loiacono, Antonio"]
[Black "Manca, Federico"]
[Result "0-1"]
[WhiteElo "2010"]
[BlackElo "2409"]
[Annotator "Gabriele Ballarin"]
[PlyCount "88"]
[EventDate "2015.12.13"]
[EventType "swiss"]
[EventRounds "9"]
[EventCountry "ITA"]

1. e4 g6 2. d4 Bg7 3. Nf3 d6 4. Be2 Nf6 5. Nc3 O-O 6. O-O Bg4 7. Bg5 Nc6 8. Qd2 Bxf3 9. Bxf3 e5 10. d5 Ne7 11. Rad1 Nd7 12. Be2 f5 13. f3 Nf6 14. Rfe1 f4 15. Bf1 Nh5 16. Bh4 Bf6 17. Bxf6 Rxf6 18. Qf2 g5 19. Bd3 Rg6 20. Be2 Nf6 21. g4 fxg3 22. hxg3 a6 23. Bf1 Qd7 24. Nb1 Rf8 25. b3 Rg7 26. Nd2 Ng6 27. Nc4 g4 28. f4 exf4 29. gxf4 g3 30. Qd2 Nh4 31. Bg2 Ng4 32. f5 Nf2 33. Rc1 b5 34. Na5 Nh3+ 35. Kh1 Nf2+ 36. Kg1 Rg4 37. Qe3 Nxg2 38. Kxg2 Nxe4 39. Nc6 Rxf5 40. Rf1 Rf2+ 41. Rxf2 gxf2+ 42. Kf1 Rg1+ 43. Ke2 Qg4+ 44. Kd3 Rg3 0-1

[Event "18.Città di Padova Open A"]
[Site "Padova"]
[Date "2015.12.13"]
[Round "1.21"]
[White "Codenotti, Marco"]
[Black "Vatkali, Dimitra"]
[Result "1-0"]
[WhiteElo "2405"]
[BlackElo "1983"]
[Annotator "Gabriele Ballarin"]
[PlyCount "73"]
[EventDate "2015.12.13"]
[EventType "swiss"]
[EventRounds "9"]
[EventCountry "ITA"]

1. e4 c6 2. Nc3 d5 3. d4 dxe4 4. Nxe4 Bf5 5. Ng3 Bg6 6. h4 h6 7. Nf3 Nd7 8. h5 Bh7 9. Bd3 Bxd3 10. Qxd3 Ngf6 11. Bd2 e6 12. O-O-O Be7 13. Qe2 O-O 14. Nf1 Kh8 15. Ne5 c5 16. dxc5 Qc7 17. Bf4 Nxe5 18. Bxe5 Qxc5 19. Kb1 Rfd8 20. Nd2 Rd5 21. Bc3 Rad8 22. Rde1 b5 23. a3 Qb6 24. g4 a5 25. f4 b4 26. Nc4 Qb7 27. Be5 bxa3 28. g5 Nd7 29. gxh6 Nxe5 30. hxg7+ Kxg7 31. fxe5 Rd4 32. Rhg1+ Kh7 33. Qf2 Bh4 34. Qe3 Bxe1 35. Qg5 f6 36. Qg6+ Kh8 37. Qh6+ 1-0

[Event "18.Città di Padova Open A"]
[Site "Padova"]
[Date "2015.12.13"]
[Round "1.22"]
[White "Serefidou, Despina"]
[Black "Solomon, Kenny"]
[Result "0-1"]
[WhiteElo "1978"]
[BlackElo "2215"]
[Annotator "Gabriele Ballarin"]
[PlyCount "56"]
[EventDate "2015.12.13"]
[EventType "swiss"]
[EventRounds "9"]
[EventCountry "ITA"]

1. e4 d6 2. d4 Nf6 3. Nc3 g6 4. f4 Bg7 5. Nf3 O-O 6. Be2 c6 7. O-O Na6 8. e5 Nd5 9. Nxd5 cxd5 10. Be3 Qb6 11. Qd2 Bf5 12. Nh4 Be4 13. exd6 e6 14. c4 dxc4 15. Bxc4 Qxd6 16. Rfd1 Nb4 17. Rac1 Rac8 18. Bf2 Bc2 19. Rxc2 Nxc2 20. Qxc2 b5 21. b3 Qc7 22. Rc1 bxc4 23. bxc4 Qxf4 24. Nf3 Rfd8 25. Rb1 Bxd4 26. Nxd4 Rxd4 27. Bxd4 Qxd4+ 28. Qf2 Rxc4 0-1

[Event "18.Città di Padova Open A"]
[Site "Padova"]
[Date "2015.12.13"]
[Round "1.23"]
[White "Vezzosi, Paolo"]
[Black "Papathanasiou, Elisavet"]
[Result "1/2-1/2"]
[WhiteElo "2369"]
[BlackElo "1955"]
[Annotator "Gabriele Ballarin"]
[PlyCount "95"]
[EventDate "2015.12.13"]
[EventType "swiss"]
[EventRounds "9"]
[EventCountry "ITA"]

1. d4 Nf6 2. Bf4 e6 3. e3 c5 4. Nd2 Nc6 5. c3 d5 6. Ngf3 Bd6 7. Bg3 Bxg3 8. hxg3 Qd6 9. Bb5 Nd7 10. Qc2 h6 11. O-O-O a6 12. Bxc6 Qxc6 13. g4 b5 14. g5 Bb7 15. gxh6 gxh6 16. Rh4 O-O-O 17. Rdh1 Rdg8 18. Rxh6 Rxh6 19. Rxh6 Rxg2 20. Rh8+ Kc7 21. Qh7 b4 22. Qh3 Rg7 23. Qh4 bxc3 24. bxc3 cxd4 25. Qxd4 Rg4 26. Qxg4 Qxc3+ 27. Kb1 Qxh8 28. Qf4+ Kd8 29. Qxf7 Qf6 30. Qg8+ Ke7 31. Qh7+ Kd8 32. Qh5 Qc3 33. Qh4+ Kc8 34. Qd4 Qxd4 35. exd4 Kc7 36. Ne5 Nxe5 37. dxe5 Kc6 38. Nb3 Bc8 39. Kc2 Kb5 40. Kc3 Ka4 41. f4 Ka3 42. Nc5 Kxa2 43. f5 exf5 44. e6 Bxe6 45. Nxe6 a5 46. Nf4 a4 47. Nxd5 Kb1 48. Kb4 1/2-1/2

[Event "18.Città di Padova Open A"]
[Site "Padova"]
[Date "2015.12.13"]
[Round "1.24"]
[White "Di Chiara, Mauro"]
[Black "Aghayev, Miragha"]
[Result "0-1"]
[WhiteElo "1933"]
[BlackElo "2367"]
[Annotator "Gabriele Ballarin"]
[PlyCount "74"]
[EventDate "2015.12.13"]
[EventType "swiss"]
[EventRounds "9"]
[EventCountry "ITA"]

1. d4 Nf6 2. Nf3 g6 3. c4 Bg7 4. Nc3 d5 5. cxd5 Nxd5 6. e4 Nxc3 7. bxc3 c5 8. Rb1 O-O 9. Be2 b6 10. O-O Bb7 11. Qc2 cxd4 12. cxd4 Qc8 13. Qxc8 Rxc8 14. d5 Nd7 15. Bg5 Kf8 16. Rfd1 Nc5 17. e5 Ne4 18. d6 Nxg5 19. Nxg5 Bxe5 20. d7 Rd8 21. Bc4 e6 22. Nxh7+ Ke7 23. Ng5 Bf6 24. Nh7 Be5 25. Ng5 Bf4 26. Nf3 Rxd7 27. Rxd7+ Kxd7 28. Bb5+ Ke7 29. Rd1 Bd5 30. a3 a6 31. Be2 b5 32. Rd4 Bd6 33. a4 Bc5 34. Rh4 b4 35. Ne5 b3 36. Rh7 b2 37. Bd3 Ba2 0-1

[Event "18.Città di Padova Open A"]
[Site "Padova"]
[Date "2015.12.13"]
[Round "1.25"]
[White "Mrdja, Milan"]
[Black "Kakumanu, Kunal"]
[Result "1-0"]
[WhiteElo "2365"]
[BlackElo "1918"]
[Annotator "Gabriele Ballarin"]
[PlyCount "109"]
[EventDate "2015.12.13"]
[EventType "swiss"]
[EventRounds "9"]
[EventCountry "ITA"]

1. e4 c5 2. Nf3 g6 3. d4 cxd4 4. Qxd4 Nf6 5. Qa4 Nc6 6. Nc3 Qc7 7. Bg5 Bg7 8. O-O-O O-O 9. Nd5 Nxd5 10. exd5 Ne5 11. Bxe7 Re8 12. d6 Qb6 13. Nxe5 Bxe5 14. Qb3 Qxb3 15. axb3 b6 16. Bc4 Bb7 17. Bd5 Bxd5 18. Rxd5 Bg7 19. Re1 f6 20. f4 Kf7 21. Rd4 Rac8 22. c3 Rc6 23. Kd2 f5 24. Rd3 Bf6 25. Rde3 Rc5 26. b4 Rd5+ 27. Kc2 Bg7 28. g3 h5 29. R3e2 Bf8 30. Kb3 b5 31. Kc2 Kg8 32. b3 Bg7 33. Re3 Kf7 34. Rd3 Rxd3 35. Kxd3 Bf6 36. Ra1 Bxe7 37. dxe7 Ra8 38. Ra6 Rb8 39. e8=Q+ Rxe8 40. Rxa7 Re1 41. Rxd7+ Ke6 42. Rb7 Rh1 43. Rb6+ Kf7 44. Rxb5 Rxh2 45. Re5 h4 46. gxh4 Rxh4 47. b5 Rxf4 48. b6 Rh4 49. c4 Rh8 50. c5 Kf6 51. Re1 Rg8 52. b4 g5 53. b5 Rc8 54. c6 Rd8+ 55. Kc4 1-0

[Event "18.Città di Padova Open A"]
[Site "Padova"]
[Date "2015.12.13"]
[Round "1.26"]
[White "Desideri, Alessandro"]
[Black "Lodici, Lorenzo"]
[Result "0-1"]
[WhiteElo "1904"]
[BlackElo "2347"]
[Annotator "Gabriele Ballarin"]
[PlyCount "68"]
[EventDate "2015.12.13"]
[EventType "swiss"]
[EventRounds "9"]
[EventCountry "ITA"]

1. f4 Nh6 2. Nf3 g6 3. e3 Bg7 4. d4 d5 5. Bd3 Bf5 6. Be2 c5 7. c3 Nc6 8. O-O O-O 9. Bd2 Qd6 10. Ne5 f6 11. Ng4 Nf7 12. Na3 a6 13. Nf2 e5 14. g4 Be6 15. dxc5 Qxc5 16. Nd3 Qa7 17. f5 gxf5 18. gxf5 Bd7 19. Kh1 Ne7 20. Bg4 Nh6 21. e4 Nxg4 22. Qxg4 dxe4 23. Bh6 Rf7 24. Nb4 Bxf5 25. Rxf5 Nxf5 26. Qxf5 Bxh6 27. Nd5 Kh8 28. Nc4 Raf8 29. Rg1 Qc5 30. Qxe4 f5 31. Qxe5+ Bg7 32. Rxg7 Rxg7 33. Nce3 f4 34. b4 fxe3 0-1

[Event "18.Città di Padova Open A"]
[Site "Padova"]
[Date "2015.12.13"]
[Round "1.28"]
[White "Capito', Mario"]
[Black "De Santis, Alessio"]
[Result "0-1"]
[WhiteElo "1879"]
[BlackElo "2330"]
[Annotator "Gabriele Ballarin"]
[PlyCount "48"]
[EventDate "2015.12.13"]
[EventType "swiss"]
[EventRounds "9"]
[EventCountry "ITA"]

1. e4 c5 2. Nf3 e6 3. d4 cxd4 4. Nxd4 a6 5. Bd3 Qb6 6. c3 Nc6 7. Be3 Bc5 8. b4 Nxb4 9. O-O Nxd3 10. Qxd3 Nf6 11. Nd2 Qc7 12. Bg5 Ng4 13. Qh3 h5 14. N2b3 Ba7 15. Rae1 d6 16. Qg3 e5 17. h3 f6 18. hxg4 fxg5 19. Nf5 g6 20. Nxd6+ Qxd6 21. gxh5 Rxh5 22. Rd1 Qf6 23. Rd5 g4 24. c4 Be6 0-1

[Event "18.Città di Padova Open A"]
[Site "Padova"]
[Date "2015.12.13"]
[Round "1.29"]
[White "Sonis, Francesco"]
[Black "Kakumanu, Kautil"]
[Result "1-0"]
[WhiteElo "2317"]
[BlackElo "1875"]
[Annotator "Gabriele Ballarin"]
[PlyCount "91"]
[EventDate "2015.12.13"]
[EventType "swiss"]
[EventRounds "9"]
[EventCountry "ITA"]

1. Nf3 c5 2. c4 g6 3. g3 Bg7 4. Bg2 Nc6 5. O-O Nh6 6. Nc3 O-O 7. d3 d6 8. Bd2 Nf5 9. a3 b6 10. Nh4 Qc7 11. Nd5 Qb7 12. Nxf5 Bxf5 13. b4 Qd7 14. b5 Nd4 15. Bc3 e6 16. Nf4 Rad8 17. e3 Nf3+ 18. Qxf3 Bxc3 19. e4 g5 20. Nh5 Bg6 21. Nf6+ Bxf6 22. Qxf6 g4 23. h3 e5 24. hxg4 Qxg4 25. f4 exf4 26. gxf4 Qe6 27. Qc3 f5 28. e5 Bf7 29. Bd5 Qg6+ 30. Kf2 Bxd5 31. Rg1 Bf7 32. Rxg6+ Bxg6 33. e6 Rde8 34. Re1 Re7 35. d4 Rfe8 36. d5 Rf8 37. a4 Rb8 38. Qf6 Rbb7 39. Kg3 Rbc7 40. Kh4 Rb7 41. Kg5 Rbc7 42. Kh6 Rb7 43. Rg1 Rbc7 44. Qxf5 Rc8 45. Rxg6+ hxg6 46. Qxg6+ 1-0

[Event "18.Città di Padova Open A"]
[Site "Padova"]
[Date "2015.12.13"]
[Round "1.30"]
[White "Iasman, Inna"]
[Black "Dragojlovic, Andjelko"]
[Result "0-1"]
[WhiteElo "1843"]
[BlackElo "2309"]
[Annotator "Gabriele Ballarin"]
[PlyCount "20"]
[EventDate "2015.12.13"]
[EventType "swiss"]
[EventRounds "9"]
[EventCountry "ITA"]

1. d4 g6 2. c4 Nf6 3. Nc3 Bg7 4. e4 O-O 5. Nf3 c6 6. Be2 d5 7. cxd5 cxd5 8. e5 Ne4 9. O-O Nc6 10. Be3 f6 {Nur} 0-1

[Event "18.Città di Padova Open A"]
[Site "Padova"]
[Date "2015.12.13"]
[Round "1.31"]
[White "Lanzani, Mario"]
[Black "Favero, Graziano"]
[Result "1-0"]
[WhiteElo "2308"]
[BlackElo "1836"]
[Annotator "Gabriele Ballarin"]
[PlyCount "47"]
[EventDate "2015.12.13"]
[EventType "swiss"]
[EventRounds "9"]
[EventCountry "ITA"]

1. c4 e5 2. e3 d6 3. Nc3 Be7 4. d4 exd4 5. exd4 Nf6 6. Nf3 O-O 7. d5 Bg4 8. Be2 Nbd7 9. Nd4 Bxe2 10. Qxe2 Re8 11. O-O Bf8 12. Qc2 Ne5 13. b3 Qd7 14. h3 h6 15. Bb2 c5 16. dxc6 Nxc6 17. Nde2 Rad8 18. Rad1 Nb4 19. Qb1 Qc6 20. Nf4 Ne4 21. Ncd5 Nxd5 22. Nxd5 Ng5 23. Qf5 Qd7 24. Nf6+ 1-0

[Event "18.Città di Padova Open A"]
[Site "Padova"]
[Date "2015.12.13"]
[Round "1.32"]
[White "Belloni, Umberto"]
[Black "Rossi, Carlo"]
[Result "0-1"]
[WhiteElo "1827"]
[BlackElo "2284"]
[Annotator "Gabriele Ballarin"]
[PlyCount "33"]
[EventDate "2015.12.13"]
[EventType "swiss"]
[EventRounds "9"]
[EventCountry "ITA"]

1. d4 Nc6 2. c3 e5 3. dxe5 Nxe5 4. Bf4 Ng6 5. Bg3 h5 6. h3 Nf6 7. Qc2 d5 8. e3 Ne4 9. Bh2 Nh4 10. Qe2 Bf5 11. Qb5+ c6 12. Qxb7 Rc8 13. b4 Qf6 14. Nd2 Qxc3 15. Rd1 Bxb4 16. Ne2 Qb2 17. f3 0-1

[Event "18.Città di Padova Open A"]
[Site "Padova"]
[Date "2015.12.13"]
[Round "1.33"]
[White "Santagati, Alessandro"]
[Black "Papathanasiou, Ageliki"]
[Result "1-0"]
[WhiteElo "2262"]
[BlackElo "1778"]
[Annotator "Gabriele Ballarin"]
[PlyCount "63"]
[EventDate "2015.12.13"]
[EventType "swiss"]
[EventRounds "9"]
[EventCountry "ITA"]

1. e4 c5 2. Nf3 Nc6 3. d4 cxd4 4. Nxd4 Nf6 5. Nc3 g6 6. Be3 Bg7 7. Bc4 d6 8. f3 a6 9. Qd2 O-O 10. O-O-O Nxd4 11. Bxd4 b5 12. Bb3 Bb7 13. g4 Rc8 14. h4 Qd7 15. h5 a5 16. hxg6 hxg6 17. Bxf6 exf6 18. Qxd6 Qxd6 19. Rxd6 Rc5 20. Bd5 Bc8 21. Bc6 Ba6 22. Nd5 Rb8 23. Bd7 Ra8 24. Rb6 b4 25. Bc6 Ra7 26. Rb8+ Bf8 27. Nxf6+ Kg7 28. Ne8+ Kg8 29. Bd5 Bd3 30. Nf6+ Kg7 31. g5 Rxc2+ 32. Kd1 1-0

[Event "18.Città di Padova Open A"]
[Site "Padova"]
[Date "2015.12.13"]
[Round "1.34"]
[White "Desideri, Leonardo"]
[Black "Cocchi, Andrea"]
[Result "1/2-1/2"]
[WhiteElo "1770"]
[BlackElo "2251"]
[Annotator "Gabriele Ballarin"]
[PlyCount "91"]
[EventDate "2015.12.13"]
[EventType "swiss"]
[EventRounds "9"]
[EventCountry "ITA"]

1. e4 c5 2. Nf3 d6 3. d3 Nc6 4. g3 g6 5. Bg2 Bg7 6. O-O e5 7. c3 Nge7 8. a3 O-O 9. b4 Bg4 10. b5 Nb8 11. c4 h6 12. Qb3 a5 13. Nc3 Nd7 14. Bb2 b6 15. Ne1 Rb8 16. Nc2 Be6 17. Ne3 f5 18. exf5 gxf5 19. Ned5 Ng6 20. Qd1 f4 21. Be4 Ne7 22. Nxe7+ Qxe7 23. Nd5 Qg5 24. Kh1 Bg4 25. f3 Bh3 26. Rg1 fxg3 27. Rxg3 Qh4 28. Qg1 Rf7 29. Bc1 Rbf8 30. Be3 Be6 31. Bf2 Qd8 32. Qg2 Kh8 33. Rg1 Rg8 34. Be3 Qh4 35. Bf2 Qd8 36. Be3 Qh4 37. Rg6 Bh3 38. Qd2 Nf6 39. Nxf6 Rxf6 40. R6g3 Rff8 41. Bd5 Kh7 42. a4 Bf5 43. Bxg8+ Rxg8 44. Qg2 Qf6 45. Qd2 Qe6 46. Qg2 1/2-1/2

[Event "18.Città di Padova Open A"]
[Site "Padova"]
[Date "2015.12.14"]
[Round "2.1"]
[White "Naumkin, Igor"]
[Black "Georgiev, Kiril"]
[Result "0-1"]
[WhiteElo "2446"]
[BlackElo "2627"]
[Annotator "Gabriele Ballarin"]
[PlyCount "66"]
[EventDate "2015.12.13"]
[EventType "swiss"]
[EventRounds "9"]
[EventCountry "ITA"]
[SourceTitle "The Week in Chess 1101"]
[Source "Mark Crowther"]
[SourceDate "2015.12.14"]
[SourceVersion "1"]
[SourceVersionDate "2015.12.14"]
[SourceQuality "2"]

1. d4 Nf6 2. c4 e6 3. Nf3 Bb4+ 4. Nbd2 O-O 5. a3 Be7 6. e4 d5 7. e5 Nfd7 8. cxd5 exd5 9. Bd3 c5 10. Qc2 h6 11. O-O Nc6 12. Re1 a5 13. e6 fxe6 14. Rxe6 cxd4 15. Bf1 Nc5 16. Re1 Bf5 17. Qd1 a4 18. b3 Bf6 19. bxa4 Nxa4 20. Qb3 d3 21. Rb1 Nc3 22. Rb2 Qd6 23. Re3 Rxa3 24. Qxb7 Ra1 25. Re1 Rb8 26. Qxc6 Qxc6 27. Rxb8+ Kh7 28. Nb3 Qc7 29. Rf8 Ra4 30. Ree8 Ne2+ 31. Bxe2 dxe2 32. h4 Re4 33. Ng5+ Bxg5 0-1

[Event "18.Città di Padova Open A"]
[Site "Padova"]
[Date "2015.12.14"]
[Round "2.2"]
[White "Vovk, Yuri"]
[Black "Laketic, Gojko"]
[Result "1/2-1/2"]
[WhiteElo "2626"]
[BlackElo "2419"]
[Annotator "Gabriele Ballarin"]
[PlyCount "83"]
[EventDate "2015.12.13"]
[EventType "swiss"]
[EventRounds "9"]
[EventCountry "ITA"]
[SourceTitle "The Week in Chess 1101"]
[Source "Mark Crowther"]
[SourceDate "2015.12.14"]
[SourceVersion "1"]
[SourceVersionDate "2015.12.14"]
[SourceQuality "2"]

1. e4 c5 2. Nf3 e6 3. d4 cxd4 4. Nxd4 a6 5. Nc3 Qc7 6. Bd3 Nc6 7. Nxc6 dxc6 8. O-O Nf6 9. f4 e5 10. Kh1 Bd6 11. f5 b5 12. Bg5 Bb7 13. a4 Be7 14. Qe2 h6 15. Bh4 Rd8 16. Nd1 O-O 17. Nf2 Rd4 18. c3 Rd7 19. Qe3 Rfd8 20. Be2 Nd5 21. exd5 Bxh4 22. dxc6 Qxc6 23. Bf3 Bxf2 24. Rxf2 Qf6 25. Bxb7 Rxb7 26. axb5 axb5 27. h3 b4 28. Qe4 Rbb8 29. Re1 bxc3 30. bxc3 Rb5 31. Kh2 Rc5 32. Rf3 Rdc8 33. Ree3 Rc4 34. Qd5 R4c5 35. Qd7 R5c7 36. Qd2 Rc4 37. Qe1 e4 38. Rf4 Qe5 39. Qg3 Rxc3 40. Rfxe4 Qxg3+ 41. Kxg3 Rxe3+ 42. Rxe3 1/2-1/2

[Event "18.Città di Padova Open A"]
[Site "Padova"]
[Date "2015.12.14"]
[Round "2.3"]
[White "Manca, Federico"]
[Black "David, Alberto"]
[Result "0-1"]
[WhiteElo "2409"]
[BlackElo "2585"]
[Annotator "Gabriele Ballarin"]
[PlyCount "78"]
[EventDate "2015.12.13"]
[EventType "swiss"]
[EventRounds "9"]
[EventCountry "ITA"]
[SourceTitle "The Week in Chess 1101"]
[Source "Mark Crowther"]
[SourceDate "2015.12.14"]
[SourceVersion "1"]
[SourceVersionDate "2015.12.14"]
[SourceQuality "2"]

1. e4 c5 2. c3 d5 3. exd5 Qxd5 4. d4 Nf6 5. Nf3 e6 6. Be3 cxd4 7. cxd4 Be7 8. Nc3 Qd8 9. Bd3 O-O 10. O-O b6 11. Qe2 Bb7 12. Rad1 Nd5 13. Bc1 Nd7 14. Rfe1 Rc8 15. Ne4 Qc7 16. Neg5 Bxg5 17. Bxg5 h6 18. Bd2 Nf4 19. Bxf4 Qxf4 20. Qe3 Qg4 21. h3 Qh5 22. Be4 Bxe4 23. Qxe4 Qa5 24. a3 Qb5 25. Qb7 Nf6 26. Qxa7 Nd5 27. Rc1 Ra8 28. a4 Qxb2 29. Qd7 Qb4 30. Ra1 Rfd8 31. Qb7 Rxa4 32. Ne5 Rf8 33. Nc6 Rxa1 34. Rxa1 Qc3 35. Ra8 Rxa8 36. Qxa8+ Kh7 37. g3 Qe1+ 38. Kg2 Qe4+ 39. Kg1 Ne7 0-1

[Event "18.Città di Padova Open A"]
[Site "Padova"]
[Date "2015.12.14"]
[Round "2.4"]
[White "Zhigalko, Andrey"]
[Black "Codenotti, Marco"]
[Result "1/2-1/2"]
[WhiteElo "2585"]
[BlackElo "2405"]
[Annotator "Gabriele Ballarin"]
[PlyCount "54"]
[EventDate "2015.12.13"]
[EventType "swiss"]
[EventRounds "9"]
[EventCountry "ITA"]
[SourceTitle "The Week in Chess 1101"]
[Source "Mark Crowther"]
[SourceDate "2015.12.14"]
[SourceVersion "1"]
[SourceVersionDate "2015.12.14"]
[SourceQuality "2"]

1. Nf3 d5 2. c4 c6 3. e3 Nf6 4. Nc3 g6 5. d4 Bg7 6. Be2 O-O 7. O-O Bg4 8. h3 Bxf3 9. Bxf3 e6 10. Qe2 Nbd7 11. Rd1 Re8 12. a4 a5 13. Rb1 dxc4 14. e4 Qe7 15. Qxc4 e5 16. d5 Qb4 17. Qa2 Nc5 18. Bd2 Nb3 19. Be1 Nd4 20. Rd3 Qb6 21. dxc6 bxc6 22. Ne2 Nxe4 23. b4 Nxf3+ 24. Rxf3 Ng5 25. Rg3 Ne6 26. bxa5 Qc5 27. Rc1 Qd5 1/2-1/2

[Event "18.Città di Padova Open A"]
[Site "Padova"]
[Date "2015.12.14"]
[Round "2.5"]
[White "Solomon, Kenny"]
[Black "Danin, Alexandre"]
[Result "0-1"]
[WhiteElo "2215"]
[BlackElo "2569"]
[Annotator "Gabriele Ballarin"]
[PlyCount "116"]
[EventDate "2015.12.13"]
[EventType "swiss"]
[EventRounds "9"]
[EventCountry "ITA"]
[SourceTitle "The Week in Chess 1101"]
[Source "Mark Crowther"]
[SourceDate "2015.12.14"]
[SourceVersion "1"]
[SourceVersionDate "2015.12.14"]
[SourceQuality "2"]

1. d4 d5 2. Nf3 Nf6 3. c4 c6 4. Nc3 dxc4 5. a4 e6 6. e3 c5 7. Bxc4 Nc6 8. O-O cxd4 9. exd4 Be7 10. Re1 O-O 11. Bg5 Bd7 12. Qd2 Nb4 13. Ne5 Bc6 14. h4 Nfd5 15. Bxe7 Qxe7 16. Nxc6 bxc6 17. g3 Rab8 18. a5 Rfd8 19. Ne4 Nf6 20. Ng5 Nbd5 21. Qc2 Qd6 22. Nf3 Nb4 23. Qe2 Nbd5 24. Ne5 Nd7 25. Nf3 h6 26. Rec1 Ne7 27. Bd3 Rb4 28. Rc2 Nf6 29. Rac1 Rdb8 30. Kg2 Ra4 31. a6 Rab4 32. Bc4 Nf5 33. Rd1 Nd5 34. b3 R4b6 35. Qe5 Qxe5 36. Nxe5 Nde3+ 37. fxe3 Nxe3+ 38. Kf2 Nxc2 39. Nd7 Rb4 40. Nxb8 Rxb8 41. Kf3 Kf8 42. Ke4 Nb4 43. g4 Ke7 44. Rf1 Nd5 45. Rg1 g5 46. h5 Rd8 47. Rg3 Nf4 48. Re3 Kd6 49. Rf3 Rf8 50. Rf1 f5+ 51. Kf3 Nd5 52. Ke2 Nf4+ 53. Kf3 Rf6 54. Kg3 fxg4 55. Kxg4 Nd5 56. Kg3 Rxf1 57. Bxf1 Nf4 58. Kg4 Kd5 0-1